Deutschland: Geografie mit A - Statistiken

Allgemein
  • Dieses Quiz wurde 828 mal gespielt
  • Das Durchschnittsergebnis liegt bei 10 aus 16
Antwortstatistiken
Hinweis Antwort % Korrekt
Der äußerste Süden Bayerns liegt in diesem europäischen Hochgebirge Alpen
98%
Großstadt in Bayern, die bei den Römern Augusta Vindelicum genannt wurde Augsburg
98%
Der Dom dieser Stadt im Westen Deutschlands war das erste deutsche Bauwerk, das zum UNESCO-Weltkulturerbe ernannt wurde Aachen
88%
Großer Platz in Berlin, in dessen Nähe sich der Fernsehturm und das Rote Rathaus befinden {Alexander}platz
86%
Kurzer Nebenfluss der Elbe, der in der Hamburger Innenstadt zwei Seen bildet Alster
80%
Region in Ostdeutschland, die früher ein Herzogtum bzw. Freistaat war und heute im Namen eines Bundeslandes weiterbesteht Anhalt
76%
Nebenfluss des Rheins, der 2021 von einer schweren Hochwasserkatastrophe betroffen war Ahr
71%
Landschaft im Süden Bayerns mit Städten wie Kempten, Füssen und Oberstdorf Allgäu
67%
Einer der sieben Bezirke Hamburgs, der bis 1938 eine eigenständige Stadt war Altona
66%
Nordfriesische Insel mit dem Hauptort Nebel Amrum
65%
See in der Nähe von München, an dessen Ufer die Orte Herrsching und Dießen liegen Ammersee
48%
Steilküste an der Nordspitze der Insel Rügen Kap {Arkona}
35%
Norddeutsche Halbinsel zwischen Flensburg und Schleswig, von deren ausgewanderten Einwohnern sich der Name England ableitet Angeln
33%
Stadt im Osten Thüringens, in der 1810 das Skatspiel erfunden wurde Altenburg
28%
Einer der fünf Regierungsbezirke Nordrhein-Westfalens Arnsberg
28%
Mit 746 Metern der höchste Berg in der Eifel Hohe {Acht}
23%
Keine übereinstimmenden Quizze gefunden
Verteilung der Resultate
Anzahl Personen mit jedem Resultat
Perzentil nach korrekt beantworteten Fragen
Ihre Resultats-Entwicklung
Sie haben dieses Quiz noch nicht gespielt